| 000 | 00734nam a2200217 a 4500 | ||
|---|---|---|---|
| 001 | 1152 | ||
| 003 | BR-CuiBMT | ||
| 005 | 20231129233837.0 | ||
| 008 | 231125s2013 rsba 000 0 por d | ||
| 020 | _a9788576994480 | ||
| 040 |
_aBR-CuiBMT _cBR-CuiBMT |
||
| 080 |
_22007 _a340 _x(079.1) |
||
| 090 |
_a340(079.1) _bA282 |
||
| 245 | 0 | 0 |
_aAGU : _bprocurador federal / _c[autores: Alexandre Arnalde Salim ... et al.] ; colaboradores, Caroline Boff, Flávia Hagen, Nicole Anagnostopoulos. |
| 260 |
_aPorto Alegre : _bVerbo Jurídico, _c2013. |
||
| 300 |
_a1335 p. : _bil. ; _c25 cm |
||
| 500 | _aEdição atualizada e ampliada. | ||
| 650 |
_aDireito _vconcursos |
||
| 700 | 1 |
_aSalim, Alexandre Arnalde _eet al. _eautores. |
|
| 942 |
_2udc _cLV |
||
| 999 |
_c1152 _d1152 |
||